[Event "Oruro op 4th"]
[Site "Oruro"]
[Date "2023.02.11"]
[Round "5"]
[White "Kilibarda Acebey, Veroska Isabela"]
[Black "Marquez, Ricardo Matias"]
[Result "0-1"]
[WhiteElo "1393"]
[BlackElo "1206"]
[PlyCount "84"]
[EventDate "2023.02.09"]
[EventType "swiss"]
[EventRounds "7"]
[EventCountry "BOL"]
[SourceTitle "CBM 213 Extra"]
[Source "ChessBase"]
[SourceDate "2023.05.31"]
[SourceVersion "1"]
[SourceVersionDate "2023.05.31"]
[SourceQuality "1"]

1. e4 c5 2. Nf3 e6 3. c3 Nf6 4. d3 d5 5. e5 Nfd7 6. d4 Be7 7. Bd3 0-0 8. 0-0 Nc6 9. Re1 c4 10. Bc2 f6 11. Nbd2 fxe5 12. Nxe5 Ndxe5 13. dxe5 Bc5 14. Nf3 d4 15. cxd4 Nxd4 16. Be4 Nxf3+ 17. Bxf3 Qh4 18. Be3 Bb4 19. Rf1 c3 20. Qc2 Bd7 21. Bxb7 Rab8 22. bxc3 Bxc3 23. Qxc3 Rxb7 24. Rfd1 Rc8 25. Qa3 Bc6 26. Rac1 Rbc7 27. Rd4 Qh5 28. Qd6 Qg6 29. g3 Qf7 30. Bf4 Rd7 31. Qb4 Rb7 32. Qc3 Rbc7 33. Rc4 Qd7 34. Be3 Qd5 35. Kf1 Bb5 36. Ke1 Rxc4 37. Qb2 Rxc1+ 38. Bxc1 Qe4+ 39. Be3 Qh1+ 40. Kd2 Rd8+ 41. Kc3 Qc6+ 42. Kb4 Qc4+ 0-1